Noem de zeven zeeën - noem de klassieke zeeën uit het verre verleden - Statistieken

Algemene statistieken
  • Deze quiz is 8 keer genomen
  • De gemiddelde score is 3 van 7
Antwoordstatistieken
Antwoord % Correct
Middellandse Zee
100%
Rode Zee
71%
Zwarte Zee
57%
Arabische Zee
14%
Kaspische Zee
14%
Perzische Golf
14%
Adriatische Zee
0%
Geen overeenkomende quizzen gevonden
Scoreverdeling
Procent van Mensen met Elke Score
Percentiel versus Aantal Correcte Antwoorden
Uw Scoregeschiedenis
U heeft deze quiz nog niet genomen